000 00782nam a2200229 a 4500
003 MX-MxUPN
005 20250116063825.0
008 991125s1936 mx gr 000 0 spa d
035 _aUPN01000001663
040 _aMX-MxUPN
_bspa
_cMX-MxUPN
041 _aspa
050 4 _aLB2809
_bC9.3
100 1 _aCuervo Ramírez, Tomás
245 1 0 _aAlgunas instrucciones generales dictadas a los C.C. inspectores de educación federal en los Estados de Guanajuato, Zacatecas y Querétaro, en relación con la escuela actual 1935-1936
260 _aQuerétaro :
_bImprenta Económica,
_c1936.
300 _a40 páginas
500 _aDisponible en la Colección Medina
650 4 _aInspección escolar
_913326
650 4 _aEducación
_9682
905 _aLibro
942 _2lcc
_cLIBRO
_n0
999 _c1663
_d1663